000 00187nam a22000857a 4500
008 170504b xxu||||| |||| 00| 0 eng d
100 _93100
_aAerzo
245 _aHindi book
260 _aNew Delhi
999 _c6387
_d6387